ბათუმის შოთა რუსთაველის სახელმწიფო უნივერსიტეტის ბიბლიოთეკა

Математика Пособие для поступающих в техникумы. (ბიბ.ჩანაწერი № 38883)

000 -LEADER
fixed length control field 00699nam a2200205Ia 4500
001 - CONTROL NUMBER
control field 5296
003 - CONTROL NUMBER IDENTIFIER
control field GE_BSU
008 - FIXED-LENGTH DATA ELEMENTS--GENERAL INFORMATION
fixed length control field 181216s||||||||xx |||||||||||||| ||und||
040 ## - CATALOGING SOURCE
Transcribing agency GE_BSU
080 ## - UNIVERSAL DECIMAL CLASSIFICATION NUMBER
Universal Decimal Classification number 51(075.8)
100 ## - MAIN ENTRY--PERSONAL NAME
Personal name Гусев ,В.А. А.Г.Морддкович;
245 ## - TITLE STATEMENT
Title Математика Пособие для поступающих в техникумы.
245 ## - TITLE STATEMENT
Remainder of title Учеб пособие для поступающих в сред. спец учеб завед.
260 ## - PUBLICATION, DISTRIBUTION, ETC.
Place of publication, distribution, etc. Москва
260 ## - PUBLICATION, DISTRIBUTION, ETC.
Name of publisher, distributor, etc. Высшая школа
260 ## - PUBLICATION, DISTRIBUTION, ETC.
Date of publication, distribution, etc. 1984
300 ## - PHYSICAL DESCRIPTION
Extent 350 с. 20 см.
653 ## - INDEX TERM--UNCONTROLLED
Uncontrolled term Математика Пособие для поступающих
942 ## - ADDED ENTRY ELEMENTS (KOHA)
Koha item type წიგნი
ეგზემპლარები
Withdrawn status Lost status Damaged status Not for loan Date acquired Barcode Date last seen Price effective from Koha item type
        2018-12-17 16356 2018-12-17 2018-12-17 წიგნი